000 01159nam a22001937a 4500
999 _c61935
_d61935
003 Ge_BSU
005 20240710105002.0
008 240612s1959 ge ||||| |||| 00| 0 geo d
041 _ageo
080 _a61(479.22)(049.32) თ-38
245 _a თბილისის სახელმწიფო სამედიცინო ინსტიტუტის შრომები :
_bტ. 20 : მიძღვნილი პროფ. პ. ქავთარაძის დაბადებიდან 70 წლისთავისადმი /
_c თბილისის სახელმწიფო სამედიცინო ინსტიტუტი ; რედაქტორი პ. გელბახიანი.
264 _aთბილისი,
_c1959.
300 _a214 გვ.;
_b25 გვ.
653 _aმედიცინა
653 _aშრომები
700 _aგელბახიანი, პ.
_eრედაქტორი
_922358
710 _aბილისის სახელმწიფო სამედიცინო ინსტიტუტი
_922406
942 _2udc
_cᲬᲘᲒᲜᲘ